|
|
|
|
| LEADER |
03271nam a22005175i 4500 |
| 001 |
978-1-61091-182-5 |
| 003 |
DE-He213 |
| 005 |
20151204181132.0 |
| 007 |
cr nn 008mamaa |
| 008 |
120418s2012 xxu| s |||| 0|eng d |
| 020 |
|
|
|a 9781610911825
|9 978-1-61091-182-5
|
| 024 |
7 |
|
|a 10.5822/978-1-61091-182-5
|2 doi
|
| 040 |
|
|
|d GrThAP
|
| 050 |
|
4 |
|a QC902.8-903.2
|
| 072 |
|
7 |
|a RNPG
|2 bicssc
|
| 072 |
|
7 |
|a SCI026000
|2 bisacsh
|
| 072 |
|
7 |
|a SCI042000
|2 bisacsh
|
| 082 |
0 |
4 |
|a 577.27
|2 23
|
| 245 |
1 |
0 |
|a Saving a Million Species
|h [electronic resource] :
|b Extinction Risk from Climate Change /
|c edited by Lee Hannah.
|
| 264 |
|
1 |
|a Washington, DC :
|b Island Press/Center for Resource Economics,
|c 2012.
|
| 300 |
|
|
|a XII, 420 p.
|b online resource.
|
| 336 |
|
|
|a text
|b txt
|2 rdacontent
|
| 337 |
|
|
|a computer
|b c
|2 rdamedia
|
| 338 |
|
|
|a online resource
|b cr
|2 rdacarrier
|
| 347 |
|
|
|a text file
|b PDF
|2 rda
|
| 505 |
0 |
|
|a 1. Are a Million Species at Risk? -- 2. First Estimates of Extinction Risk from Climate Change -- 3. Climate Change, Extinction Risk, and Public Policy -- 4. Refining Risk Estimates Using Models -- 5. The Use and Misuse of Species-Area Relationships in Predicting Climate-Driven Extinction -- 6. First Extinctions on Land -- 7. Global Warming and Widespread Coral Mortality: Evidence of First Coral Reef Extinctions -- 8. Extinction Risk at High Latitudes -- 9. Extinctions in Deep Time -- 10. Terrestrial Ecosystem Response to Climate Change during the Paleogene -- 11. Quaternary Extinctions and Their Link to Climate Change -- 12. Quaternary Tropical Plant Extinction: A Paleoecological Perspective from the Neotropics -- 13. Every Species Is an Insect (or Nearly So): On Insects, Climate Change, Extinction, and the Biological Unknown -- 14. Extinction Risk from Climate Change in Tropical Forests -- 15. Coral Reefs, Climate Change, and Mass Extinction -- 16. Extinction Risk in a Changing Ocean -- 17. Climate Change and Freshwater Fauna Extinction Risk -- 18. Climate Change Impacts on Species Interactions: Assessing the Threat of Cascading Extinctions -- 19. Strategies for Reducing Extinction Risk under a Changing Climate -- 20. Saving a Million Species.
|
| 520 |
|
|
|a Saving a Million Species examines the question, how many species will perish as a result of climate change and associated threats? Written by leaders from a range of disciplines, it offers detailed, clear explanations that synthesize the literature and elaborate on the conservation and policy implications of climate change science.
|
| 650 |
|
0 |
|a Environment.
|
| 650 |
|
0 |
|a Climate change.
|
| 650 |
|
0 |
|a Ecology.
|
| 650 |
|
0 |
|a Conservation biology.
|
| 650 |
|
0 |
|a Nature conservation.
|
| 650 |
|
0 |
|a Sustainable development.
|
| 650 |
1 |
4 |
|a Environment.
|
| 650 |
2 |
4 |
|a Climate Change.
|
| 650 |
2 |
4 |
|a Climate Change/Climate Change Impacts.
|
| 650 |
2 |
4 |
|a Ecology.
|
| 650 |
2 |
4 |
|a Conservation Biology/Ecology.
|
| 650 |
2 |
4 |
|a Nature Conservation.
|
| 650 |
2 |
4 |
|a Sustainable Development.
|
| 700 |
1 |
|
|a Hannah, Lee.
|e editor.
|
| 710 |
2 |
|
|a SpringerLink (Online service)
|
| 773 |
0 |
|
|t Springer eBooks
|
| 856 |
4 |
0 |
|u http://dx.doi.org/10.5822/978-1-61091-182-5
|z Full Text via HEAL-Link
|
| 912 |
|
|
|a ZDB-2-EES
|
| 950 |
|
|
|a Earth and Environmental Science (Springer-11646)
|